Albums by Cover Description - Statistics

General Stats
  • This quiz has been taken 185 times
  • The average score is 7 of 14
Answer Stats
Hint Answer % Correct
A triangle refracts a rainbow Dark Side of the Moon
94%
A baby swims after a dollar bill on a hook Nevermind
91%
A hand holds a bleeding heart-shaped grenade American Idiot
76%
The band stands in a garden amid a plethora of famous figures Sgt. Pepper's Lonely Hearts Club Band
68%
A painting of a banana The Velvet Underground and Nico
68%
A rocker is a split second away from smashing his guitar on stage London Calling
57%
The band feeds a herd of goats Pet Sounds
49%
A man steps on a stool and a woman takes his hand Rumours
43%
Skulls of the band members imposed on a cross Appetite for Destruction
38%
A portrait of a man carrying a bundle of sticks Led Zeppelin IV
34%
All black except for a radio wave reading of a pulsar Unknown Pleasures
25%
The band walks away from a large concrete slab after relieving themselves on it Who's Next
23%
Guitar-shaped spaceships fly through space while a planet explodes behind them Boston
16%
A bug-like creature bursts out of an orb Escape
6%
No matching quizzes found
Score Distribution
Percent of People with Each Score
Percentile by Number Answered
Your Score History
You have not taken this quiz